| 000 | 00817 a2200253 4500 | ||
|---|---|---|---|
| 999 |
_c216393 _d216393 |
||
| 005 | 20260331100549.0 | ||
| 008 | 260326b ||||| |||| 00| 0 eng d | ||
| 020 | _a9781529681154 | ||
| 040 |
_aLC _cUNZA _eRDA |
||
| 050 |
_aLB 1585 _bPRI 2024 |
||
| 100 | _aPeacok, Graham | ||
| 245 |
_aPrimary science : _bknowledge and understanding / _cGraham Peacock; John Sharp; Rob Johnsey [and 1 other]. |
||
| 250 | _a10th edition. | ||
| 260 |
_aLondon : _bLearning Matters, _c2024. |
||
| 300 |
_axvi, 326 pages : _billustrations. |
||
| 336 | _aText | ||
| 337 | _aUnmediated | ||
| 338 | _aVolume | ||
| 504 | _aIncludes bibliographical references and index. | ||
| 650 |
_aScience _xStudy and teaching (Elementary) _zGreat Britain |
||
| 700 |
_aSharp, John _eauthor |
||
| 700 |
_aJohnsey, Rob _eauthor |
||
| 942 | _cBOOK | ||